| 000 | 01142nam a2200217Ia 4500 | ||
|---|---|---|---|
| 999 |
_c38409 _d38409 |
||
| 001 | 4420 | ||
| 003 | GE_BSU | ||
| 005 | 20190516153040.0 | ||
| 008 | 181216s1982|||| |||||||||||||| ||geo|| | ||
| 040 | _cGE_BSU | ||
| 041 | _ageo | ||
| 080 | _a902/904(47.922) ბ–26 | ||
| 100 |
_aბარდაველიძე, ვერა _91237 |
||
| 245 |
_aაღმოსავლეთ საქართველოს მთიანეთის ტრადიციული საზოგადოებრივ-საკულტო ძეგლები. ტ.II : ხევსურეთი / _cვერა ბარდაველიძე ; რედ : გ.ჩიტაია . |
||
| 264 |
_aთბილისი : _bმეცნიერება, _c1982. |
||
| 300 |
_a194 გვ. ; _c25 სმ. |
||
| 653 | _aსაქართველოს მთიანეთის საზოგადოებრივ--საკულტო ძეგლები: ხევსურეთი | ||
| 653 | _aარქეოლოგია | ||
| 700 |
_aჩიტაია, გ _eრედაქტორი _91238 |
||
| 942 |
_cBK _2udc |
||